000
00322nam a22001337a 4500
008
221121b ||||| |||| 00| 0 eng d
041
_a
eng
080
_2
volume1
_a
159.9
082
_a
159.9
100
_a
25
101
_a
PSI
245
_a
GALEN ON THE USEFULNESS OF THE PARTS OF THE BODY
_c
TALLMADGE M
942
_2
udc
_c
BK
999
_c
58974
_d
58974